All Fiorentina Players of the 2000's - Statistics

General Stats
  • This quiz has been taken 20 times
  • The average score is 47 of 173
Answer Stats
Position Nation Player Previous Club % Correct
GK France Sebastien Frey Parma
82%
FWD Roumania Adrian Mutu Juventus
76%
FWD Italy Alberto Gilardino AC Milan
71%
MID Portugal Rui Costa Benfica
71%
GK Austria Alexander Manninger Arsenal
65%
GK Italy Francesco Toldo Ravenna
65%
FWD Italy Luca Toni Palermo
65%
DEF Italy Manuel Pasqual Arezzo
65%
FWD Montenegro Stefan Jovetic Partizan Belgrade
65%
FWD Italy Christian Vieri Atalanta
59%
DEF Italy Giorgio Chiellini Livorno
59%
DEF Peru Juan Manuel Vargas Catania
59%
DEF Czech Republic Tomas Ujfalusi Hamburg
59%
DEF Italy Alessandro Gamberini Bologna
53%
MID Italy Angelo Di Livio Juventus
53%
GK Italy Cristiano Lupatelli AS Roma
53%
MID Italy Franco Semioli Chievo
53%
FWD Italy Giampaolo Pazzini Atalanta
53%
DEF Portugal Manuel Da Costa PSV
53%
FWD Italy Christian Riganò Taranto
47%
FWD Italy Fabrizio Miccoli Juventus
47%
MID Brazil Felipe Melo Almeria
47%
DEF Italy Gianluca Comotto Torino
47%
MID Japan Hidetoshi Nakata Bologna
47%
MID Italy Marco Rossi Salernitana
47%
MID Argentina Mario Santana Palermo
47%
MID Denmark Martin Jorgensen Udinese
47%
MID Italy Massimo Gobbi Cagliari
47%
FWD Portugal Nuno Gomes Benfica
47%
DEF Denmark Per Kroldrup Everton
47%
MID Italy Riccardo Montolivo Atalanta
47%
FWD Bulgaria Valeri Bojinov Lecce
47%
FWD Brazil Adriano Inter Milan
41%
GK Roumania Bogdan Lobont Ajax
41%
DEF Italy Cesare Natali Torino
41%
MID Italy Cristiano Zanetti Juventus
41%
DEF Italy Dario Dainelli Brescia
41%
FWD Italy Enrico Chiesa Parma
41%
FWD Italy Enrico Fantini Venezia
41%
MID Italy Fabio Liverani Lazio
41%
GK Italy Giuseppe Taglialatela SSC Napoli
41%
MID Italy Marco Donadel Sampdoria
41%
MID Italy Marco Marchionni Juventus
41%
MID Italy Mauro Bressan AS Bari
41%
DEF Italy Moreno Torricelli Juventus
41%
FWD Senegal Papa Waigo Genoa
41%
FWD Montenegro (Yugolavia) Predrag Mijatovic Real Madrid
41%
MID Switzerland Zdravko Kuzmanovic FC Basel
41%
GK Italy Andrea Ivan Livorno
35%
MID Italy Christian Brocchi AC Milan
35%
GK Argentina Christian Cejas Ascoli
35%
MID Nigeria Christian Obodo Perugia
35%
DEF Italy Daniele Adani Brescia
35%
MID Italy Enzo Maresca Juventus
35%
FWD Italy Fabio Quagliarella Torino
35%
DEF Brazil Felipe Udinese
35%
DEF Italy Luciano Zauri Lazio
35%
MID Chile Luis Antonio Jimenez Ternana
35%
MID Italy Michele Pazienza Udinese
35%
FWD Argentina/Italy Pablo Osvaldo Lecce
35%
DEF/MID Italy Paolo Vanoli Parma
35%
FWD Brazil Reginaldo Treviso
35%
MID Italy Stefano Fiore Valencia
35%
DEF Czech Republic Tomas Repka Sparta Prague
35%
GK Serbia Vlada Avramov Treviso
35%
DEF Italy William Viali Ancona
35%
MID Italy Alessandro Agostini Ternana
29%
MID Italy Alessandro Diamanti Lecco
29%
DEF Italy Alessandro Pierini Udinese
29%
DEF Italy Alessandro Potenza RCD Mallorca
29%
DEF Italy Andrea Tarozzi Bologna
29%
DEF Italy Cristian Maggio Vicenza
29%
FWD Italy Daniele Cacia Piacenza
29%
MID Italy Domenico Morfeo Atalanta
29%
DEF Italy Emiliano Moretti -
29%
DEF Italy Federico Masi -
29%
GK Italy Gianluca Berti Empoli
29%
DEF Italy Giuseppe Pancaro AC Milan
29%
MID Brazi Guillherme do Prado Perugia
29%
DEF Egypt Hamy Said Messina
29%
FWD Switzerland Hans Seferovic Grasshopper
29%
MID Czech Republic Jan Hable FC Hradec Kralove
29%
MID Germany Karsten Hutwelker Saarbrucken
29%
FWD Brazil Keirrison Benfica
29%
FWD Brazil Leandro -
29%
MID Italy Luca Ariatti Reggiana
29%
DEF Italy Luca Ceccarelli -
29%
DEF Italy Luigi Panarelli Crotone
29%
MID Spain Luis Helguera Udinese
29%
MID Italy Marco Andreotti Lecco
29%
MID Italy Massimiliano Scaglia Ancona
29%
FWD Italy Maurizio Ganz Atalanta
29%
DEF Italy Mirko Savini Ascoli
29%
DEF Czech Republic Ondrej Mazuch Brno
29%
DEF Ivory Coast Saliou Lassissi Parma
29%
MID Argentina Sergio Almiron Juventus
29%
DEF Serbia (Yugoslavia) Sinisa Mihajlovic Lazio
29%
MID Serbia Adem Ljajic Partizan Belgrade
24%
MID Brazil Amaral Vasco da Gama
24%
GK Italy Andrea Seculin -
24%
MID Italy Angelo Palombo -
24%
MID Italy Attilio Nicodemo -
24%
DEF Italy Carlo Cherubini Salernitana
24%
FWD Italy Cristiano Masitto -
24%
DEF Italy Davide Brivio Fiorentina Youth
24%
FWD Italy Emiliano Bonazzoli Sampdoria
24%
MID Argentina Ezequiel Gonzalez Rosario Central
24%
MID Italy Fabio Rossitto SSC Napoli
24%
MID Italy Francesco Di Tacchio Ascoli
24%
DEF Italy Giovanni Bartolucci -
24%
MID Italy Luigi Piangerelli Lecce
24%
GK Italy Marco Storari Cagliari Calcio
24%
MID Italy Raffaele Longo Palermo
24%
MID Italy Roberto Baronio Lazio
24%
DEF Italy Roberto Ripa Ternana
24%
FWD Italy Samuele Di Carmine -
24%
MID Italy Sandro Cois Torino
24%
MID Italy Christian Amoroso Empoli
18%
FWD Italy Felice Evacuo Lazio
18%
DEF Italy Giacomo Bonora -
18%
GK Italy Gianmatteo Mareggini AC Siena
18%
DEF Italy Giuseppe Baronchelli Catania
18%
MID Italy Manuele Blasi Juventus
18%
MID Argentina Mario Bolatti Porto
18%
DEF Italy Alessandro Lucarelli Palermo
12%
DEF Ghana Bismark Ekye Aglianese
12%
DEF Brazil David Enrique Mateo -
12%
MID Uruguay Gianni Guigou AC Siena
12%
DEF Italy Manuele Guzzo Cosenza
12%
DEF Italy Marco Di Loreto Perugia
12%
GK Italy Marco Roccati Ancona
12%
MID Italy Anselmo Robbiati Inter Milan
6%
DEF Switzerland Antonio Aquilanti Pescara
6%
DEF Italy Daniele Delli Carri AC Siena
6%
GK Italy Edoardo Pazzagli -
6%
MID Italy Emanuele Matzutti -
6%
FWD Brazil Jefferson Paranà
6%
FWD Italy Massimo Cicconi Catania
6%
DEF Italy Michelangelo Minieri Catania
6%
MID Senegal Pape Moussa Diakhate -
6%
MID Italy Riccardo Maspero Torino
6%
MID Italy Riccardo Taddei -
6%
FWD Italy Alessandro Turchetta -.
0%
DEF Brazil Alex -
0%
MID Italy Andrea Paolucci Pescara
0%
FWD Italy Andrea Soncin Sanbenedetese
0%
DEF Italy Antonio Rizzo -
0%
FWD Sweden Bjorn Rundstrom AC Chievo Verona
0%
MID Italy Claudio Bonomi Catania
0%
MID Italy Daniele De Vezze SS Lanciano
0%
DEF Italy Daniel Niccolini -
0%
MID Italy Dario D'Ambrosio -
0%
MID Brazil Filipe -
0%
DEF Italy Francesco Ardu -
0%
GK Italy Francesco Palmieri Livorno
0%
GK Italy Francesco Scotti -
0%
FWD Italy Lorenzo Morelli -
0%
MID Italy Marco Biagianti Fiorentina Youth
0%
DEF Italy Marco Franceschetti Hellas Verona
0%
DEF Italy Marco Mugnaini -
0%
GK Italy Mario Cassano Voghera
0%
DEF Italy Martino Traversa Cosenza
0%
DEF Italy Massimiliano Tagliani -
0%
FWD France Matthias Le Pillier Le Havre
0%
MID France Matthieu Bochu Santarcangiolese
0%
FWD Italy Mattia Graffiedi Ancona
0%
GK Italy Mattia Passarini -
0%
DEF Italy Michele Bacis Triestina
0%
FWD Italy Michele Cossato Hellas Verona
0%
MID Italy Mirko Benin Ternana
0%
GK Italy Niccolò Manfredini Fiorentina Youth
0%
FWD Italy Roberto Massaro -
0%
MID Italy Simone Guerri -
0%
No matching quizzes found
Score Distribution
Percent of People with Each Score
Percentile by Number Answered
Your Score History
You have not taken this quiz